Možnosti zvyšovania rentability komerčnej banky

Predpoklady stability a rentability bankového sektora: stabilita ekonomického prostredia, stanovenie noriem obozretného podnikania, kvalita manažmentu banky, zloženie aktív banky, výška bankového kapitálu, riadenie štruktúry bankových aktív a pasív, úroková politika. Hodnotenie finančnej situácie bá...

Descrizione completa

Salvato in:
Dettagli Bibliografici
Autore principale: Bobáková, Viktória
Natura: Capitolo di libro
Lingua:slovacco
Soggetti:
Tags: Aggiungi Tag
Nessun Tag, puoi essere il primo ad aggiungerne!!

MARC

LEADER 00000naa a2200000 4500
001 r048794
005 20220729105903.0
041 0 |a slo 
044 |a SK 
245 1 0 |a Možnosti zvyšovania rentability komerčnej banky  |c Viktória Bobáková 
520 |a Predpoklady stability a rentability bankového sektora: stabilita ekonomického prostredia, stanovenie noriem obozretného podnikania, kvalita manažmentu banky, zloženie aktív banky, výška bankového kapitálu, riadenie štruktúry bankových aktív a pasív, úroková politika. Hodnotenie finančnej situácie bánk - finančná analýza. 
610 2 0 |a banky obchodné 
610 2 0 |a rentabilita 
610 2 0 |a riziko bankové 
610 2 0 |a manažment 
610 2 0 |a aktíva 
610 2 0 |a úrok 
610 2 0 |a analýza finančná 
100 1 |a Bobáková, Viktória